Statistiques concernant Roys de France carolingiens

Cliquez ici pour prendre le quiz!

Statistiques générales

  • Ce quiz a été pris 32 fois
  • Le résultat moyen est 5 sur 15

Statistiques - réponses

Réponse% Correct
Charlemagne
92%
Charles Martel
84%
Pépin le bref
84%
Charles II
36%
Charles III
28%
Louis II
28%
Charles III
24%
Louis Ier
24%
Robert
24%
Eudes
20%
Lothaire
20%
Louis III
20%
Louis IV
20%
Louis V
20%
Raoul
20%

Distribution des résultats

Percentile par nombre de réponses

% des personnes avec chaque résultat

Votre développement - résultats

Vous n’avez pas pris ce quiz